[Event "Challenge"]
[Site "http://www.queenalice.com/game.php?id=370405"]
[Date "2008.3.13"]
[Round "-"]
[White "adel596"]
[Black "maverick"]
[Result "0-1"]
[WhiteElo "1500"]
[BlackElo "1543"]

1. d4 g6 2. g3 Bg7 3. Bg2 e6 4. e3 d5 5. Nf3 Ne7 6. Nc3 c6 7. b3 O-O 8. Bb2 Nd7
9. a4 Nb8 10. h4 b6 11. e4 Bb7 12. exd5 exd5 13. h5 h6 14. hxg6 Nxg6 15. Bc1
Re8+ 16. Ne2 Ba6 17. c4 dxc4 18. bxc4 Bxc4 19. Ng1 Bxd4 20. Rxh6 Bxa1 21. Qc2
Bxe2 22. Nxe2 Bg7 23. Rh5 Re5 24. Rxe5 Nxe5 25. Nc3 Qd3 26. Be4 Nf3+ 27. Bxf3
Qxc2 0-1

[Event "AUTO-OPEN-1054"]
[Site "http://www.queenalice.com/game.php?id=370745"]
[Date "2008.3.14"]
[Round "1"]
[White "adel596"]
[Black "TheArgies"]
[Result "1-0"]
[WhiteElo "1144"]
[BlackElo "1377"]

1. Nf3 d5 2. Nc3 Nf6 3. d4 Nc6 4. e3 a6 5. a4 e6 6. b3 Bb4 7. Bd2 Bxc3 8. Bxc3
Ne4 9. g3 Nxc3 10. Qd2 Ne4 11. Bg2 Nxd2 12. Kxd2 Qd6 13. c3 Na5 14. Ne5 Nxb3+
15. Kc2 1-0

[Event "AUTO-OPEN-1054"]
[Site "http://www.queenalice.com/game.php?id=370746"]
[Date "2008.3.14"]
[Round "1"]
[White "TheArgies"]
[Black "adel596"]
[Result "0-1"]
[WhiteElo "1377"]
[BlackElo "1181"]

1. e4 Nf6 2. Nc3 d5 3. e5 d4 4. Nce2 Nfd7 5. Nxd4 Nxe5 6. Ngf3 Nxf3+ 7. gxf3
Qxd4 8. c3 Qe5+ 9. Be2 g5 10. d4 Qd5 11. Qa4+ c6 12. Be3 g4 0-1

[Event "AUTO-INT-831"]
[Site "http://www.queenalice.com/game.php?id=370859"]
[Date "2008.3.14"]
[Round "1"]
[White "pedroso"]
[Black "adel596"]
[Result "1-0"]
[WhiteElo "1586"]
[BlackElo "1237"]

1. e4 d5 2. exd5 Qxd5 3. Nc3 Qe6+ 4. Be2 Qc6 5. Nf3 g5 6. O-O h6 7. d4 Nf6 8.
Ne5 Qe6 9. Bb5+ c6 10. Ba4 Ng4 11. Nxg4 h5 12. Ne5 b5 13. Bb3 Qd6 14. Bxf7+ Kd8
15. Bxg5 Rg8 16. Bxg8 1-0

[Event "AUTO-INT-831"]
[Site "http://www.queenalice.com/game.php?id=370860"]
[Date "2008.3.14"]
[Round "1"]
[White "adel596"]
[Black "pedroso"]
[Result "0-1"]
[WhiteElo "1177"]
[BlackElo "1588"]

1. Nf3 d5 2. Nc3 Nf6 3. d4 Nc6 4. a4 Bg4 5. h3 Bf5 6. g4 Be4 7. Bg2 e6 8. e3 Bb4
9. Bd2 O-O 10. O-O Qd6 11. Nb5 Qd7 12. c3 Bd6 13. g5 Ne8 14. Nh4 Bxg2 15. Kxg2
e5 16. dxe5 Bxe5 17. f4 Bd6 18. b3 a6 0-1

[Event "AUTO-INT-831"]
[Site "http://www.queenalice.com/game.php?id=370873"]
[Date "2008.3.14"]
[Round "1"]
[White "adel596"]
[Black "otax"]
[Result "0-1"]
[WhiteElo "1165"]
[BlackElo "1603"]

1. Nf3 Nf6 2. d4 d5 3. b3 e6 4. c4 c6 5. Nc3 Nbd7 6. e3 Be7 7. Bd3 a6 8. O-O
dxc4 9. bxc4 Qc7 10. Bb2 b5 11. c5 e5 12. dxe5 Nxe5 13. Ne4 Nxe4 14. Bxe4 Bf6
15. h3 Nxf3+ 16. Bxf3 Bxb2 17. Rb1 Bf6 18. g4 O-O 19. Qd3 Be6 20. Qa3 Rfc8 21.
Bd1 Qe5 22. f4 Qe4 23. g5 Be7 24. Rb4 Qf5 25. Bg4 Qg6 26. f5 Bxf5 27. Bxf5 Qxg5+
28. Rg4 Qh6 29. Bxc8 Rxc8 30. Qxa6 Qxe3+ 31. Rf2 Qe6 32. Qa3 Qc4 0-1

[Event "AUTO-INT-831"]
[Site "http://www.queenalice.com/game.php?id=370874"]
[Date "2008.3.14"]
[Round "1"]
[White "otax"]
[Black "adel596"]
[Result "1-0"]
[WhiteElo "1605"]
[BlackElo "1165"]

1. d4 Nc6 2. c4 d5 3. e3 e6 4. Bd2 Nf6 5. c5 b6 6. b4 a5 7. Qb3 g6 8. Bb5 a4 9.
Bxa4 Bd7 10. Bb5 bxc5 11. bxc5 Bg7 12. Nf3 Na5 13. Bxd7+ Nxd7 14. Qc2 h5 15. Ng5
Qxg5 16. O-O h4 17. h3 e5 18. Nc3 c6 19. Qa4 exd4 20. Ne2 dxe3 21. Bxe3 Qe7 22.
Rac1 d4 23. Nxd4 Nxc5 24. Qc2 Rd8 25. Nf3 Bh6 26. Bxh6 Rxh6 27. Rfe1 Ne6 28. Qa4
Rh5 29. Re5 Rd5 30. Rxd5 1-0

[Event "AUTO-INT-831"]
[Site "http://www.queenalice.com/game.php?id=370875"]
[Date "2008.3.14"]
[Round "1"]
[White "adel596"]
[Black "Jackzapo"]
[Result "0-1"]
[WhiteElo "1177"]
[BlackElo "1701"]

1. Nf3 d5 2. Nc3 c5 3. d4 Nc6 4. dxc5 e6 5. h4 Bxc5 6. e3 Nf6 7. a3 a6 8. Bd3 h6
9. b3 O-O 10. b4 Bd6 11. Nb1 e5 12. Be2 Bf5 13. Bb2 Rc8 14. O-O Re8 15. Nc3 d4
16. exd4 exd4 17. Nb1 Bg4 18. c3 dxc3 19. Bxc3 Qe7 20. Re1 Nh5 0-1

[Event "AUTO-INT-831"]
[Site "http://www.queenalice.com/game.php?id=370876"]
[Date "2008.3.14"]
[Round "1"]
[White "Jackzapo"]
[Black "adel596"]
[Result "1-0"]
[WhiteElo "1622"]
[BlackElo "1258"]

1. d4 Nc6 2. e4 Nf6 3. Nc3 d5 4. e5 Ne4 5. Nxe4 dxe4 6. c3 f5 7. exf6 gxf6 8. g3
f5 9. Bf4 b6 10. Bb5 Bd7 11. Qd2 a6 12. Ba4 b5 13. Qe2 bxa4 14. Qh5# 1-0

[Event "Challenge"]
[Site "http://www.queenalice.com/game.php?id=374388"]
[Date "2008.3.20"]
[Round "-"]
[White "adel596"]
[Black "ad3llq101"]
[Result "0-1"]
[WhiteElo "1252"]
[BlackElo "1551"]

1. c4 d5 2. cxd5 Qxd5 3. Nc3 Qc6 4. Nf3 f6 5. g4 e5 6. d4 Bd6 7. dxe5 fxe5 8.
Qd3 Nh6 9. Nb5 e4 10. Qb3 Nxg4 11. Ng5 e3 12. fxe3 Qxh1 0-1

[Event "AUTO-BEG-199"]
[Site "http://www.queenalice.com/game.php?id=375307"]
[Date "2008.3.22"]
[Round "1"]
[White "adel596"]
[Black "hooligan"]
[Result "0-1"]
[WhiteElo "1231"]
[BlackElo "1357"]

1. d4 d5 2. Nc3 e6 3. Nf3 Nf6 4. Nb5 c6 5. Nc3 a5 6. e3 Bd6 7. h3 Bb4 8. a3
Bxc3+ 9. bxc3 Ne4 10. Ng5 Nxg5 0-1